| 000 | 00393nam a2200157Ia 4500 | ||
|---|---|---|---|
| 008 | 230312s9999||||xx |||||||||||||| ||und|| | ||
| 020 | _a0-13-908575-0 | ||
| 082 |
_a659.1 _bRUS |
||
| 100 | _aRussell, J Thomas | ||
| 245 | 0 | _aAdvertising Procedure | |
| 260 |
_bPrentice Hall _aNew Jersey _c1998 |
||
| 300 | _a716 | ||
| 546 | _aEng. | ||
| 650 |
_aEngineering _vThe Place of Advertising |
||
| 942 | _cBK | ||
| 999 |
_c87 _d87 |
||